Sabrina Carpenter Ultimate Quiz - Statistics

General Stats
  • This quiz has been taken 216 times
  • The average score is 4 of 10
Answer Stats
Question Answer % Correct
Finish the lyric- to walk it off— Like nothing happened nonchalantly
57%
What does the sign say above the double doors in Sabrina’s room? Strawberry Field
52%
What does Sabrina include with her impression of The 1975’s, Girls cover clip? All the lyrics and some improv
49%
Which rappers has Sabrina collaborated with? Uhmeer and Saweetie
48%
In what side did Amanda Stenberg’s character, Starr grab a hairbrush out of Sabrina’s character, Hailey’s backpack? Right
42%
What word did Sabrina use on the James Cordon show when she didn’t answer his question? No, I didn’t skuurt
41%
Finish the lyric- how’s it going over there— In your own universe
39%
What are her parents’ occupations? Chiropractor and Author
32%
How many playbills has Sabrina been in? 1
17%
What album does she want to do next-– According to Elle; Song Association Jazz
17%
No matching quizzes found
Score Distribution
Percent of People with Each Score
Percentile by Number Answered
Your Score History
You have not taken this quiz